000 00672nam a2200253Ia 4500
003 OSt
005 20220924131835.0
006 a|||||r|||| 00| 0
007 ta
008 220923b |||||||| |||| 00| 0 tel d
020 _cRs.30
024 _a345233
037 _cTextual
040 _aARTS
_cARTS
_btel
041 _2tel
_atel
082 _aO35,3NNAG,5, N2
100 _aN.S.Nagi Reddy Au.
_9203039
245 0 _aBomb Shell
260 _aVijayawada
_bJ.P.Publications India
_c1992
300 _a284p.
_ccm.
650 _aTELUGU LITERATURE
942 _hO35,3NNAG,5, N2
_cTEXL
_2CC
999 _c428380
_d428380